Регионална библиотека "Любен Каравелов" - Русе

Бачо Киро (Запис номер 174932)

MARC детайли
000 -Лидер
Контролно поле с фиксирана дължина 01372nam a2200325 c 4500
003 - Код на организацията, давaща контролен номер
Контролно поле BLK
005 - Дата и час на последна редакция
Контролно поле 20210723111727.0
008 - Елементи от данни с фиксирана дължина
fixed length control field 180411b bul|||||r ||||||| ||bul||
010 ## - Наследен системен номер
LC control number KNG00183447000
040 ## - Източник на каталожния запис
Идентификатор на билиотеката - собственик на записа BLK
041 ## - Код за език
Код за езика на текст/звукозапис или на отделно заглавие Български
Код за езика КДБФ Български
080 ## - УДК
Текстов определител УДК Българска литература
УДК код - определител по УДК 821.163.2
УДК определител -93-4
УДК - код + определител 821.163.2-93-4
080 ## - УДК
УДК код - определител по УДК 929 Петров, Бачо Киро
УДК - код + определител 929 Петров, Бачо Киро
100 1# - Редна дума - Автор
Автор Анастасов, Теодосий Тодоров
Авторска отговорност първи автор
R(LIN) 315820
139 ## - Редно поле
Редна дума Анастасов, Теодосий Тодоров
Авторски знак Ан - А 64
245 10 - Сведения за заглавието
Заглавие Бачо Киро
Подзаглавни данни Биогр. очерк : За ранна и средна училищна възраст
Редно поле (дума) Теодосий Тодоров Анастасов; худож. Атанас Нейков Нейков.
257 ## - Страна на издаване
Страна на създаване/издаване България
260 ## - Област на издателските данни
Име на издателя, разпространителя и проч. Нар. младеж
Година на издаване 1955
300 ## - Физическа характеристика
Страници 136 с.
Илюстрации и др. с ил., 16 л. ил.
Размери/Мащаб 21 см
380 ## - Жанр
Жанр Детска худож. лит.
490 1# - СЕРИИ (Колекции)
Име на серия Библиотека Нашето героично минало
500 ## - Общи забележки
Забележка 5 000 тир.
600 14 - Име на лице, използвано като предмет
За него / За нея Петров, Бачо Киро
9 (RLIN) 282550
700 1# - Други автори (авторска отговорност)
Лично име Нейков, Атанас Нейков
Автороска отговорност (Описва отношението между автора и произведението) худож.
9 (RLIN) 370189
852 ## - Местоположение
Форматна сигнатура Цб х.205.44053
852 ## - Местоположение
Форматна сигнатура Цб 8.195.44053
Фондова буква Основен фонд - ползва се само за читалня
856 4# - Електронен адрес и достъп
Електронен формат pdf - файл
856 4# - Електронен адрес и достъп
Електронен формат pdf - файл
999 ## - СИСТЕМНИ КОНТРОЛНИ НОМЕРА
Koha biblionumber 174932
Koha biblioitemnumber 174932
942 ## - АРТИКУЛИ
Вид на библиотечния материал Книги
Скрит в OPAC Не
Периодичен библиозапис Да
944 ## - СЪЗДАВАНЕ И РЕДАКЦИЯ на ЗАПИСА
Създаване/Редакция Създаване
Дата на регистрацията/редакция 09.10.2015
Служител, извършил регистрацията/редакцията Кети_Илиева
944 ## - СЪЗДАВАНЕ И РЕДАКЦИЯ на ЗАПИСА
Създаване/Редакция Редакция
Дата на регистрацията/редакция 09.10.2015
Служител, извършил регистрацията/редакцията Кети_Илиева
999 ## - СИСТЕМНИ КОНТРОЛНИ НОМЕРА
Koha biblioitemnumber 174932
Наличности
Код за отписване Код за изгубен артикул Източник на класификационната схема Код за повреда Коз за рестрикции Код за отдаване Артикулен № Име на библиотеката - собственик Име на библиотеката, в която се намира в момента Статус (Текущо местоположение) Дата на вписване в системата Местоположение - отдел Цена в лева Инвентарен номер Систематично азбучна сигнатура Баркод Номер на екземпляра Цена в евро Служебна бележка Служебен тип на артикула
Изтеглен Не е изгубен Universal Decimal Classification Не е повреден без рестрикции заемане за дома 300990 Регионална библиотека "Любен Каравелов" Русе Регионална библиотека "Любен Каравелов" Русе Заемна - подръчен фонд 1955-01-01 Заемна - подръчен фонд 0.00 139/55-пф П 886.7-4/А 64 139/55-пф 1 0.00 Вид: Сф Дата: 01.01.1955 Книги
Изтеглен Не е изгубен Universal Decimal Classification Не е повреден без рестрикции заемане за дома 300991 Регионална библиотека "Любен Каравелов" Русе Регионална библиотека "Любен Каравелов" Русе Заемна - подръчен фонд 1955-01-01 Заемна - подръчен фонд 0.00 1463/55 П 886.7-4/А 64 1463/55 2 0.00 Вид: Сф Дата: 01.01.1955 Книги
Изтеглен Не е изгубен Universal Decimal Classification Не е повреден без рестрикции заемане за дома 300992 Регионална библиотека "Любен Каравелов" Русе Регионална библиотека "Любен Каравелов" Русе Заемна - подръчен фонд 1955-01-01 Заемна - подръчен фонд 0.00 1467/55 П 886.7-4/А 64 1467/55 3 0.00 Вид: Сф Дата: 01.01.1955 Книги
Изтеглен Не е изгубен Universal Decimal Classification Не е повреден без рестрикции заемане за дома 300993 Регионална библиотека "Любен Каравелов" Русе Регионална библиотека "Любен Каравелов" Русе Заемна - подръчен фонд 1955-01-01 Заемна - подръчен фонд 0.00 1468/55 П 886.7-4/А 64 1468/55 4 0.00 Вид: Сф Дата: 01.01.1955 Книги
  Не е изгубен Universal Decimal Classification Не е повреден без рестрикции ползва се в читалня 300994 Регионална библиотека "Любен Каравелов" Русе Регионална библиотека "Любен Каравелов" Русе Хранилище 1955-01-01 Основен фонд - ползва се само за читалня 0.97 1471/55 Цб 304823 900000046334 5 0.50 Вид: Сф Дата: 01.01.1955 Книги
  Не е изгубен Universal Decimal Classification Не е повреден само за читалня ползва се в читалня 844796 Регионална библиотека "Любен Каравелов" Русе Регионална библиотека "Любен Каравелов" Русе Хранилище 2021-07-27 Основен фонд - ползва се само за читалня 0.97 1463/55 Цб 8.195.44053 900000070930   0.50   Книги
Vip Innovations Ltd, Rousse, Bulgaria 2025